00900nam a2200241 i 450000100060000000300090000600500170001500700030003200800410003502000180007608000110009408000200010510000370012524500910016226000570025330000260031049000650033665000280040183000720042985200200050199900170052195201200053810424ES-MaACL20250807235853.0t|950612s1991 sp |||| | spa d a84-7914-035-6 a233.14 a27-423.5 220041 aSayés, José Antonio.910410710aAntropología del hombre caído b: el pecado original / cpor José Antonio Sayes. aMadrid : bBiblioteca de Autores Cristianos, c1991. aXX, 393 p. ; c20 cm.1 aBiblioteca de autores cristianos ; v514. aHistoria salutis04aPecado original.91590200aBiblioteca de autores cristianos. pHistoria salutisv514. 9178685 aES-MaACLjJ-501 c10424d10424 00104070aATENEOMbATENEOMcDEPO2d2008-01-17eSCl0oJ-501p1010634r2023-02-23 00:00:00w2023-02-23yMONOGRAFIA